000 00817nam a2200229 a 4500
001 000037925
003 DO-SdBNP
005 20240927073748.0
008 110331s2001 dr ac 000 |bspa d
040 _aDO-SdBNP
_bspa
_cBNPHU
082 _a923.57293
_bD985B, 2001
100 1 _a Balaguer, Joaquín,
_d1906-2002
_976556
245 1 3 _aEl centinela de la frontera :
_bvida y hazañas de Antonio Duvergé /
_cJoaquín Balaguer.
250 _a6a ed.
260 _aSanto Domingo :
_bCorripio,
_c2001.
300 _a190 p. :
_bil., retrs. ;
_c22 cm.
500 _aIncluye referencias bibliográficas y notas al pie de las páginas.
500 _aIncluye datos biográficos del autor en las solapas
600 1 0 _aDuvergé, Antonio,
_d1807-1855
_934515
910 _aValidado. Control de calidad MFF
942 _2ddc
_cLBS1
999 _c37415
_d37415